000 00771nam a2200265 a 4500
001 000008377
003 DO-SdBNP
005 20250219074028.0
007 ta
008 090916s2004 dr 000 0 spa d
040 _aDO-SdBNP
_bspa
_cBNPHU
082 _aRD863.4408
_bP438r
_222
100 1 _aPérez, Isael
_983040
245 0 3 _aLa ría se desnuda :
_bnarrativa romanense /
_cIsael Pérez.
260 _aSanto Domingo :
_bBúho,
_c1994
300 _a111 p. ;
_c22 cm.
490 _aArtesanos ;
_v2
590 _aInventariado, 2023 / DG
650 4 _aAutores dominicanos
_ySIGLO XX
_918834
650 4 _aCuentos dominicanos
_xColecciones
_9503
650 0 _aLiteratura dominicana.
_967
700 1 _aPérez, Isael,
_d1961-
_91414
910 _aDG
942 _2ddc
_cLBS1
999 _c53112
_d53112